Statistics for Hotter Than Hell - Dua Lipa (Missing Lyrics)

Click here to take the quiz!

General Stats

  • This quiz has been taken 88 times
  • The average score is 25 of 33

Answer Stats

LyricsMissing% Correct
Every time I knock / He can't help but let ___ inme
94%
Hotter than ___ (x4)hell
92%
It's the darker ___ of me that makes you feel so numbside
90%
When you're by yourself / Am I the ___ to your prayersanswer
89%
He calls me the ___ / I make him wanna sindevil
89%
I'm giving you that pleasure heaven / And I'll give it to ___you
89%
Can you ___ the warmth? / Yeahfeel
87%
As my ___ goes down you like some sweet alcoholkiss
87%
Where I'm coming from / ___Yeah
87%
Cause we're hot like hell / Does it ___ when I'm not there?burn
86%
You probably still adore me / With my hands around your ___neck
86%
Cause we're hot ___ hell / Does it burn when I'm not therelike
84%
As my kiss goes down you like some ___ alcoholsweet
84%
___ than hell (x4)Hotter
83%
When you're by yourself / Am I the answer to your ___prayers
83%
Can you feel the ___? / Yeahwarmth
83%
Where I'm ___ from / Yeahcoming
81%
It's the ___ side of me that makes you feel so numbdarker
79%
Can let me know I'm wanted / Can let me in your ___head
79%
I'm giving you that ___ heaven / And I'll give it to youpleasure
76%
Must be homesick for the ___ / I'm the realest it getsreal
76%
You're my manna from ___ / We all gotta get fedheaven
75%
___ ___ ___Hotter Than Hell
71%
Hotter ___ hell (x4)than
71%
I'm ___ you that pleasure heaven / And I'll give it to yougiving
70%
When we go down there / you make me feel ___ thereright
70%
Cause we're hot like hell / ___ it burn when I'm not there?Does
68%
___ you're by yourself / Am I the answer to your prayers?When
68%
You ain't gonna ___ free boy / Not finished with you yetwalk
59%
You can take me right there / ___ can make itWe
59%
Cause you make it so right there / Baby you should ___ me righttouch
49%
I'm not here to make you ___ / But it's praise that I'll getkneel
43%
When you ___ down right there / We just make it right therelay
27%

Score Distribution

Percentile by Number Answered

Percent of People with Each Score

Your Score History

You have not taken this quiz